[Event "DEM U16w 2018"]
[Site "Willingen GER"]
[Date "2018.05.20"]
[Round "1"]
[White "Ehmann, Johanna"]
[Black "Kühne, Maria"]
[Result "0-1"]
[Termination "normal"]
[Board "6"]
[WhiteElo "1899"]
[BlackElo "1614"]
[WhiteClock "00:02:13"]
[BlackClock "00:10:11"]
[PlyCount "106"]
[WhiteFideId "12953130"]
[BlackFideId "12997412"]
[EventCountry "GER"]
[EventRounds "9"]
[EventType "swiss"]
[EventDate "2018.05.19"]

1. e4 {[%clk 1:30:57]} 1... b6 {[%clk 1:30:56]} 2. Nc3 {[%clk 1:31:01]} 2...
Bb7 {[%clk 1:31:16]} 3. Bc4 {[%clk 1:30:19]} 3... e6 {[%clk 1:30:31]} 4. d4 {
[%clk 1:28:20]} 4... Nf6 {[%clk 1:29:49]} 5. Qe2 {[%clk 1:25:34]} 5... Bb4 {
[%clk 1:28:58]} 6. Bd3 {[%clk 1:24:08]} 6... d5 {[%clk 1:18:32]} 7. e5 { [%clk
1:19:48]} 7... Ne4 {[%clk 1:14:02]} 8. Bd2 {[%clk 1:14:32]} 8... Nxd2 { [%clk
1:12:49]} 9. Qxd2 {[%clk 1:13:43]} 9... a6 {[%clk 1:03:14]} 10. Nf3 { [%clk
1:08:50]} 10... Nd7 {[%clk 1:00:43]} 11. Qf4 {[%clk 1:03:18]} 11... Qe7 { [%clk
0:55:07]} 12. a3 {[%clk 0:58:49]} 12... Bxc3+ {[%clk 0:55:24]} 13. bxc3 { [%clk
0:59:09]} 13... h6 {[%clk 0:48:41]} 14. O-O {[%clk 0:56:26]} 14... O-O-O {[%clk
0:41:56]} 15. a4 {[%clk 0:49:51]} 15... a5 {[%clk 0:41:57]} 16. c4 { [%clk
0:46:45]} 16... g5 {[%clk 0:38:20]} 17. Qc1 {[%clk 0:39:29]} 17... dxc4 { [%clk
0:37:03]} 18. Bxc4 {[%clk 0:37:38]} 18... Qb4 {[%clk 0:35:27]} 19. Nd2 { [%clk
0:31:50]} 19... Qc3 {[%clk 0:32:16]} 20. Ra3 {[%clk 0:18:44]} 20... Qxd4 {[%clk
0:32:29]} 21. Rd3 {[%clk 0:12:51]} 21... Qxe5 {[%clk 0:31:37]} 22. Bb5 { [%clk
0:11:25]} 22... Nc5 {[%clk 0:29:47]} 23. Re3 {[%clk 0:10:23]} 23... Qd5 { [%clk
0:22:10]} 24. Nf3 {[%clk 0:10:36]} 24... f6 {[%clk 0:18:53]} 25. Rfe1 { [%clk
0:07:53]} 25... e5 {[%clk 0:18:48]} 26. c3 {[%clk 0:06:14]} 26... h5 { [%clk
0:10:48]} 27. Qc2 {[%clk 0:05:18]} 27... c6 {[%clk 0:05:43]} 28. Bf1 { [%clk
0:05:08]} 28... Kc7 {[%clk 0:05:19]} 29. Qg6 {[%clk 0:04:07]} 29... Rdf8 {[%clk
0:04:59]} 30. c4 {[%clk 0:03:12]} 30... Qf7 {[%clk 0:05:16]} 31. Qc2 { [%clk
0:03:06]} 31... Re8 {[%clk 0:03:52]} 32. Rb1 {[%clk 0:03:15]} 32... Rb8 { [%clk
0:03:42]} 33. Nd2 {[%clk 0:03:00]} 33... Rhd8 {[%clk 0:03:35]} 34. Ne4 { [%clk
0:02:17]} 34... Nxe4 {[%clk 0:03:52]} 35. Rxe4 {[%clk 0:01:53]} 35... c5 {[%clk
0:04:16]} 36. Re3 {[%clk 0:01:58]} 36... Rd4 {[%clk 0:04:11]} 37. Qb2 { [%clk
0:01:02]} 37... Ba6 {[%clk 0:04:27]} 38. Rb3 {[%clk 0:00:50]} 38... Qe6 { [%clk
0:04:20]} 39. Qc2 {[%clk 0:00:43]} 39... h4 {[%clk 0:04:31]} 40. Qh7+ { [%clk
0:00:37]} 40... Rd7 {[%clk 0:04:33]} 41. Qg6 {[%clk 0:27:27]} 41... Qf7 { [%clk
0:30:43]} 42. Qc2 {[%clk 0:23:48]} 42... Rd4 {[%clk 0:29:29]} 43. Qb2 { [%clk
0:19:25]} 43... Qe6 {[%clk 0:29:37]} 44. Rc1 {[%clk 0:16:36]} 44... Bxc4 {[%clk
0:27:48]} 45. Rbc3 {[%clk 0:15:49]} 45... Bd5 {[%clk 0:24:41]} 46. Qb5 { [%clk
0:10:47]} 46... Qc6 {[%clk 0:18:50]} 47. Qb1 {[%clk 0:06:47]} 47... Be4 { [%clk
0:12:38]} 48. Qb3 {[%clk 0:05:18]} 48... Bd5 {[%clk 0:12:41]} 49. Qb1 { [%clk
0:04:59]} 49... e4 {[%clk 0:11:53]} 50. Bb5 {[%clk 0:05:06]} 50... Qd6 { [%clk
0:10:46]} 51. Qb2 {[%clk 0:04:28]} 51... Bc6 {[%clk 0:10:09]} 52. Qb3 { [%clk
0:02:26]} 52... Bxb5 {[%clk 0:09:56]} 53. Qxb5 {[%clk 0:02:13]} 53... Rd1+
{[%clk 0:10:11]} 0-1

[Event "DEM U16w 2018"]
[Site "Willingen GER"]
[Date "2018.05.20"]
[Round "1"]
[White "Ziegenfuß, Larissa"]
[Black "Wong, Kar Yan"]
[Result "1/2-1/2"]
[Termination "normal"]
[Board "7"]
[WhiteElo "1671"]
[BlackElo "1746"]
[WhiteClock "00:18:01"]
[BlackClock "00:33:37"]
[PlyCount "111"]
[WhiteFideId "12974722"]
[BlackFideId "12971855"]
[EventCountry "GER"]
[EventRounds "9"]
[EventType "swiss"]
[EventDate "2018.05.19"]

1. e4 {[%clk 1:30:57]} 1... c5 {[%clk 1:30:56]} 2. Nc3 {[%clk 1:31:22]} 2...
Nc6 {[%clk 1:30:55]} 3. Nge2 {[%clk 1:31:45]} 3... d6 {[%clk 1:31:13]} 4. g3 {
[%clk 1:32:01]} 4... g6 {[%clk 1:31:30]} 5. Bg2 {[%clk 1:32:10]} 5... Bg7 {
[%clk 1:31:54]} 6. d3 {[%clk 1:31:46]} 6... e6 {[%clk 1:31:44]} 7. O-O { [%clk
1:31:00]} 7... h5 {[%clk 1:30:26]} 8. h3 {[%clk 1:27:09]} 8... Rb8 { [%clk
1:26:43]} 9. a4 {[%clk 1:21:28]} 9... a6 {[%clk 1:25:06]} 10. Be3 { [%clk
1:13:42]} 10... Nd4 {[%clk 1:25:16]} 11. Bd2 {[%clk 1:06:52]} 11... Ne7 { [%clk
1:24:40]} 12. Nxd4 {[%clk 1:05:48]} 12... cxd4 {[%clk 1:18:20]} 13. Ne2 { [%clk
1:04:43]} 13... Bd7 {[%clk 1:12:03]} 14. Nf4 {[%clk 0:59:35]} 14... Qc7 { [%clk
1:11:26]} 15. b3 {[%clk 0:56:05]} 15... Qc8 {[%clk 1:07:08]} 16. Kh2 { [%clk
0:51:30]} 16... h4 {[%clk 0:58:17]} 17. g4 {[%clk 0:45:31]} 17... Be5 { [%clk
0:41:59]} 18. Kg1 {[%clk 0:40:50]} 18... Bxf4 {[%clk 0:38:29]} 19. Bxf4 { [%clk
0:41:10]} 19... e5 {[%clk 0:38:55]} 20. Bd2 {[%clk 0:35:32]} 20... f5 { [%clk
0:39:04]} 21. f3 {[%clk 0:31:55]} 21... f4 {[%clk 0:38:07]} 22. Rc1 { [%clk
0:30:32]} 22... Qd8 {[%clk 0:32:32]} 23. Kh2 {[%clk 0:28:03]} 23... Be6 { [%clk
0:31:26]} 24. Qe2 {[%clk 0:27:20]} 24... Kf7 {[%clk 0:30:31]} 25. Rg1 { [%clk
0:23:51]} 25... Qd7 {[%clk 0:27:22]} 26. Rb1 {[%clk 0:21:01]} 26... g5 { [%clk
0:26:52]} 27. Rgc1 {[%clk 0:20:20]} 27... b5 {[%clk 0:25:51]} 28. axb5 { [%clk
0:19:26]} 28... axb5 {[%clk 0:26:16]} 29. Ra1 {[%clk 0:18:54]} 29... Ra8 {[%clk
0:26:17]} 30. Qd1 {[%clk 0:18:46]} 30... Qb7 {[%clk 0:23:29]} 31. Rxa8 { [%clk
0:15:22]} 31... Rxa8 {[%clk 0:23:50]} 32. Ra1 {[%clk 0:14:46]} 32... Nc6 {[%clk
0:23:37]} 33. Kg1 {[%clk 0:12:23]} 33... Ra6 {[%clk 0:23:53]} 34. Kf2 { [%clk
0:11:07]} 34... Qa7 {[%clk 0:23:34]} 35. Rxa6 {[%clk 0:11:18]} 35... Qxa6
{[%clk 0:23:59]} 36. Qb1 {[%clk 0:10:26]} 36... Qa3 {[%clk 0:23:21]} 37. Bf1 {
[%clk 0:07:26]} 37... Nb4 {[%clk 0:22:18]} 38. Bxb4 {[%clk 0:04:45]} 38... Qxb4
{[%clk 0:22:42]} 39. Ke2 {[%clk 0:04:54]} 39... Qa3 {[%clk 0:21:04]} 40. Bg2 {
[%clk 0:03:17]} 40... Ke7 {[%clk 0:21:08]} 41. Kd2 {[%clk 0:01:39]} 41... d5 {
[%clk 0:21:20]} 42. Ke2 {[%clk 0:29:36]} 42... dxe4 {[%clk 0:51:20]} 43. fxe4 {
[%clk 0:28:47]} 43... Qa6 {[%clk 0:51:27]} 44. Kf3 {[%clk 0:27:39]} 44... Kf6 {
[%clk 0:50:28]} 45. Ke2 {[%clk 0:26:55]} 45... Qc8 {[%clk 0:50:51]} 46. Bf3 {
[%clk 0:25:51]} 46... Kg6 {[%clk 0:49:08]} 47. Kd1 {[%clk 0:24:48]} 47... Kf7 {
[%clk 0:46:58]} 48. Ke2 {[%clk 0:23:03]} 48... Ke7 {[%clk 0:47:12]} 49. Qa2 {
[%clk 0:22:35]} 49... Kd6 {[%clk 0:43:00]} 50. Kd1 {[%clk 0:20:19]} 50... Kc6 {
[%clk 0:41:44]} 51. Ke2 {[%clk 0:19:32]} 51... Kb6 {[%clk 0:42:03]} 52. Kd1 {
[%clk 0:19:36]} 52... Qc3 {[%clk 0:39:40]} 53. Qa3 {[%clk 0:17:58]} 53... Qc5 {
[%clk 0:38:28]} 54. Qxc5+ {[%clk 0:17:24]} 54... Kxc5 {[%clk 0:38:51]} 55. Kc1
{[%clk 0:17:40]} 55... Kb4 {[%clk 0:33:37]} 56. Kb2 {[%clk 0:18:01]} 1/2-1/2

[Event "DEM U16w 2018"]
[Site "Willingen GER"]
[Date "2018.05.20"]
[Round "1"]
[White "Flach, Helene"]
[Black "Gauchel, Verena"]
[Result "1-0"]
[Termination "normal"]
[Board "8"]
[WhiteElo "1891"]
[BlackElo "1502"]
[WhiteClock "00:05:47"]
[BlackClock "00:00:38"]
[PlyCount "79"]
[WhiteFideId "12929735"]
[BlackFideId "12988537"]
[EventCountry "GER"]
[EventRounds "9"]
[EventType "swiss"]
[EventDate "2018.05.19"]

1. e4 {[%clk 1:30:57]} 1... c5 {[%clk 1:30:55]} 2. Nf3 {[%clk 1:31:21]} 2...
Nc6 {[%clk 1:31:16]} 3. d4 {[%clk 1:31:06]} 3... cxd4 {[%clk 1:31:21]} 4. Nxd4
{[%clk 1:31:29]} 4... Nf6 {[%clk 1:31:04]} 5. Nc3 {[%clk 1:31:40]} 5... e5 {
[%clk 1:30:54]} 6. Ndb5 {[%clk 1:30:49]} 6... d6 {[%clk 1:30:25]} 7. Bg5 {
[%clk 1:30:25]} 7... a6 {[%clk 1:29:46]} 8. Na3 {[%clk 1:30:11]} 8... b5 {
[%clk 1:29:01]} 9. Nd5 {[%clk 1:30:05]} 9... Be7 {[%clk 1:28:07]} 10. Bxf6 {
[%clk 1:29:24]} 10... Bxf6 {[%clk 1:28:12]} 11. c3 {[%clk 1:28:26]} 11... O-O {
[%clk 1:25:59]} 12. Nc2 {[%clk 1:28:09]} 12... Bg5 {[%clk 1:24:05]} 13. a4 {
[%clk 1:26:30]} 13... bxa4 {[%clk 1:16:03]} 14. Rxa4 {[%clk 1:26:40]} 14... a5
{[%clk 1:05:41]} 15. Bc4 {[%clk 1:15:16]} 15... Be6 {[%clk 0:58:55]} 16. O-O {
[%clk 1:10:50]} 16... Ne7 {[%clk 0:51:21]} 17. Qd3 {[%clk 1:00:13]} 17... Rb8 {
[%clk 0:39:27]} 18. b3 {[%clk 0:57:42]} 18... Rc8 {[%clk 0:20:12]} 19. Nxe7+ {
[%clk 0:44:46]} 19... Bxe7 {[%clk 0:18:48]} 20. Ne3 {[%clk 0:43:36]} 20... Bd7
{[%clk 0:17:10]} 21. Ra2 {[%clk 0:42:48]} 21... Bc6 {[%clk 0:15:34]} 22. Rfa1 {
[%clk 0:40:41]} 22... Ra8 {[%clk 0:15:12]} 23. Bd5 {[%clk 0:39:59]} 23... Bxd5
{[%clk 0:11:07]} 24. Nxd5 {[%clk 0:31:59]} 24... Bg5 {[%clk 0:10:01]} 25. b4 {
[%clk 0:28:42]} 25... Qb8 {[%clk 0:07:04]} 26. Rxa5 {[%clk 0:27:56]} 26... Rxa5
{[%clk 0:06:38]} 27. Rxa5 {[%clk 0:28:18]} 27... Qb7 {[%clk 0:06:25]} 28. Qa6 {
[%clk 0:22:40]} 28... Qd7 {[%clk 0:05:28]} 29. h3 {[%clk 0:21:23]} 29... h6 {
[%clk 0:04:36]} 30. Qd3 {[%clk 0:19:33]} 30... Bd8 {[%clk 0:04:26]} 31. Ra6 {
[%clk 0:19:36]} 31... Re8 {[%clk 0:03:43]} 32. b5 {[%clk 0:19:10]} 32... Kh7 {
[%clk 0:02:55]} 33. b6 {[%clk 0:18:35]} 33... Qc6 {[%clk 0:02:53]} 34. Nb4 {
[%clk 0:15:04]} 34... Qb7 {[%clk 0:02:15]} 35. Qd5 {[%clk 0:14:08]} 35... Qe7 {
[%clk 0:01:27]} 36. Ra7 {[%clk 0:08:28]} 36... Qf6 {[%clk 0:01:07]} 37. Qb5 {
[%clk 0:06:01]} 37... Qe6 {[%clk 0:01:04]} 38. Nd5 {[%clk 0:05:43]} 38... Kg8 {
[%clk 0:00:40]} 39. b7 {[%clk 0:05:38]} 39... Bf6 {[%clk 0:00:38]} 40. b8=Q {
[%clk 0:05:47]} 1-0

[Event "DEM U16w 2018"]
[Site "Willingen GER"]
[Date "2018.05.20"]
[Round "1"]
[White "Voß, Henrike"]
[Black "Könze, Heike"]
[Result "0-1"]
[Termination "normal"]
[Board "9"]
[WhiteElo "1577"]
[BlackElo "1803"]
[WhiteClock "00:01:35"]
[BlackClock "00:30:31"]
[PlyCount "80"]
[WhiteFideId "12971910"]
[BlackFideId "12964476"]
[EventCountry "GER"]
[EventRounds "9"]
[EventType "swiss"]
[EventDate "2018.05.19"]

1. e4 {[%clk 1:30:56]} 1... c5 {[%clk 1:30:52]} 2. Nf3 {[%clk 1:31:18]} 2... d6
{[%clk 1:31:15]} 3. Bb5+ {[%clk 1:31:38]} 3... Bd7 {[%clk 1:31:34]} 4. Bxd7+ {
[%clk 1:31:58]} 4... Qxd7 {[%clk 1:31:55]} 5. O-O {[%clk 1:32:17]} 5... Nc6 {
[%clk 1:32:08]} 6. d4 {[%clk 1:32:34]} 6... cxd4 {[%clk 1:32:31]} 7. Nxd4 {
[%clk 1:32:49]} 7... Nf6 {[%clk 1:32:20]} 8. Re1 {[%clk 1:31:47]} 8... Nxd4 {
[%clk 1:31:17]} 9. Qxd4 {[%clk 1:32:02]} 9... e5 {[%clk 1:31:37]} 10. Qd3 {
[%clk 1:31:16]} 10... Be7 {[%clk 1:31:42]} 11. c4 {[%clk 1:28:35]} 11... O-O {
[%clk 1:30:44]} 12. Nc3 {[%clk 1:27:28]} 12... Rac8 {[%clk 1:30:13]} 13. Be3 {
[%clk 1:25:00]} 13... Qc6 {[%clk 1:25:15]} 14. b3 {[%clk 1:04:23]} 14... a6 {
[%clk 1:19:39]} 15. Bg5 {[%clk 0:51:47]} 15... b5 {[%clk 1:06:03]} 16. Rac1 {
[%clk 0:36:50]} 16... bxc4 {[%clk 1:03:30]} 17. bxc4 {[%clk 0:32:14]} 17... h6
{[%clk 0:59:49]} 18. Nd5 {[%clk 0:28:25]} 18... Rfe8 {[%clk 0:49:49]} 19. Bxf6
{[%clk 0:15:35]} 19... Bxf6 {[%clk 0:50:03]} 20. Nxf6+ {[%clk 0:14:02]} 20...
gxf6 {[%clk 0:50:26]} 21. Red1 {[%clk 0:10:46]} 21... Re6 {[%clk 0:48:32]} 22.
Qd5 {[%clk 0:07:51]} 22... Qa4 {[%clk 0:47:38]} 23. Rd2 {[%clk 0:04:59]} 23...
Rc5 {[%clk 0:47:02]} 24. Qd3 {[%clk 0:04:44]} 24... Kf8 {[%clk 0:45:10]} 25.
Qb3 {[%clk 0:04:21]} 25... Qc6 {[%clk 0:44:51]} 26. f3 {[%clk 0:04:13]} 26...
Re7 {[%clk 0:43:46]} 27. Qb8+ {[%clk 0:04:01]} 27... Kg7 {[%clk 0:41:05]} 28.
Rxd6 {[%clk 0:03:10]} 28... Qa4 {[%clk 0:40:03]} 29. Qb6 {[%clk 0:03:19]} 29...
Rxc4 {[%clk 0:36:29]} 30. Rxc4 {[%clk 0:03:46]} 30... Qxc4 {[%clk 0:36:51]} 31.
Qxa6 {[%clk 0:04:14]} 31... Qc5+ {[%clk 0:36:44]} 32. Kf1 {[%clk 0:04:32]}
32... Ra7 {[%clk 0:34:54]} 33. Rc6 {[%clk 0:03:00]} 33... Qd4 {[%clk 0:33:25]}
34. Qe2 {[%clk 0:02:31]} 34... Qa1+ {[%clk 0:33:37]} 35. Qe1 {[%clk 0:02:54]}
35... Qxa2 {[%clk 0:30:02]} 36. Qg3+ {[%clk 0:03:01]} 36... Kh7 {[%clk 0:29:47]
} 37. Rxf6 {[%clk 0:03:23]} 37... Qc4+ {[%clk 0:29:57]} 38. Ke1 {[%clk 0:01:32]
} 38... Ra1+ {[%clk 0:29:57]} 39. Kd2 {[%clk 0:01:41]} 39... Ra2+ { [%clk
0:30:16]} 40. Ke1 {[%clk 0:01:35]} 40... Qe2# {[%clk 0:30:31]} 0-1

[Event "DEM U16w 2018"]
[Site "Willingen GER"]
[Date "2018.05.20"]
[Round "1"]
[White "Reitz, Theresa"]
[Black "Puls, Luisa"]
[Result "1-0"]
[Termination "normal"]
[Board "10"]
[WhiteElo "1772"]
[BlackElo "1408"]
[WhiteClock "00:36:15"]
[BlackClock "00:26:51"]
[PlyCount "105"]
[WhiteFideId "12971901"]
[BlackFideId "16266005"]
[EventCountry "GER"]
[EventRounds "9"]
[EventType "swiss"]
[EventDate "2018.05.19"]

1. e4 {[%clk 1:30:55]} c6 {[%clk 1:30:54]} 2. d4 {[%clk 1:31:16]} d5 {[%clk
1:31:17]} 3. Nc3 {[%clk 1:31:38]} dxe4 {[%clk 1:31:16]} 4. Nxe4 {[%clk
1:32:00]} Bf5 {[%clk 1:31:34]} 5. Ng3 {[%clk 1:32:25]} Bg6 {[%clk 1:31:49]} 6.
Nh3 {[%clk 1:30:38]} Nf6 {[%clk 1:26:19]} 7. Bc4 {[%clk 1:26:00]} e6 {[%clk
1:25:03]} 8. O-O {[%clk 1:24:21]} Nbd7 {[%clk 1:23:08]} 9. f4 {[%clk 1:19:47]}
Nb6 {[%clk 1:08:45]} 10. Bb3 {[%clk 1:15:12]} Qd7 {[%clk 0:59:55]} 11. c3
{[%clk 1:01:02]} O-O-O {[%clk 0:53:16]} 12. Ng5 {[%clk 0:46:54]} h6 {[%clk
0:45:12]} 13. Nf3 {[%clk 0:46:58]} Bd6 {[%clk 0:40:13]} 14. Qe2 {[%clk
0:39:39]} Nh5 {[%clk 0:27:39]} 15. Ne4 {[%clk 0:30:36]} Nxf4 {[%clk 0:18:55]}
16. Nxd6+ {[%clk 0:30:39]} Qxd6 {[%clk 0:19:03]} 17. Bxf4 {[%clk 0:30:21]} Qxf4
{[%clk 0:18:21]} 18. Bxe6+ {[%clk 0:29:13]} fxe6 {[%clk 0:16:09]} 19. Qxe6+
{[%clk 0:27:02]} Kb8 {[%clk 0:16:07]} 20. Qxg6 {[%clk 0:26:28]} Rhg8 {[%clk
0:14:02]} 21. Rae1 {[%clk 0:23:29]} Nd5 {[%clk 0:10:06]} 22. Ne5 {[%clk
0:20:09]} Qd2 {[%clk 0:09:58]} 23. Nc4 {[%clk 0:20:16]} Qg5 {[%clk 0:09:37]}
24. Qxg5 {[%clk 0:20:20]} hxg5 {[%clk 0:10:01]} 25. Rf5 {[%clk 0:20:24]} g4
{[%clk 0:10:09]} 26. Ne5 {[%clk 0:20:11]} Nf6 {[%clk 0:09:53]} 27. Rf4 {[%clk
0:19:20]} Rde8 {[%clk 0:09:52]} 28. Ref1 {[%clk 0:13:55]} Nd5 {[%clk 0:08:42]}
29. Rf7 {[%clk 0:13:31]} Nf6 {[%clk 0:07:42]} 30. R7xf6 {[%clk 0:08:35]} gxf6
{[%clk 0:04:54]} 31. Nd7+ {[%clk 0:08:59]} Kc7 {[%clk 0:05:15]} 32. Nxf6 {[%clk
0:09:23]} Rgf8 {[%clk 0:05:28]} 33. Nxe8+ {[%clk 0:09:37]} Rxe8 {[%clk
0:05:54]} 34. Rf7+ {[%clk 0:09:36]} Kb6 {[%clk 0:06:07]} 35. Kf2 {[%clk
0:09:51]} Re6 {[%clk 0:05:38]} 36. Rf4 {[%clk 0:09:36]} Rg6 {[%clk 0:05:07]}
37. Kg3 {[%clk 0:09:47]} Re6 {[%clk 0:05:19]} 38. Kf2 {[%clk 0:08:27]} Rg6
{[%clk 0:05:41]} 39. Re4 {[%clk 0:08:34]} Kc7 {[%clk 0:04:42]} 40. Kg3 {[%clk
0:08:42]} a6 {[%clk 0:04:03]} 41. Rxg4 {[%clk 0:08:55]} Re6 {[%clk 0:04:20]}
42. Rg7+ {[%clk 0:08:52]} Kc8 {[%clk 0:04:40]} 43. Rf7 {[%clk 0:08:52]} Rg6+
{[%clk 0:04:20]} 44. Kf3 {[%clk 0:08:56]} Rh6 {[%clk 0:04:26]} 45. h3 {[%clk
0:09:08]} Re6 {[%clk 0:04:08]} 46. Kf2 {[%clk 0:09:05]} Rh6 {[%clk 0:04:10]}
47. Rf3 {[%clk 0:09:28]} Kd8 {[%clk 0:03:57]} 48. g4 {[%clk 0:09:41]} Ke8
{[%clk 0:03:37]} 49. Kg3 {[%clk 0:09:58]} Re6 {[%clk 0:03:34]} 50. g5 {[%clk
0:09:38]} Ke7 {[%clk 0:01:49]} 51. h4 {[%clk 0:09:31]} Rg6 {[%clk 0:29:28]} 52.
Kg4 {[%clk 0:37:27]} Rg8 {[%clk 0:26:51]} 53. h5 {[%clk 0:36:15]} 1-0

[Event "DEM U16w 2018"]
[Site "Willingen GER"]
[Date "2018.05.21"]
[Round "3"]
[White "Reitz, Theresa"]
[Black "Schulze, Lara"]
[Result "0-1"]
[Termination "normal"]
[Board "1"]
[BlackTitle "WFM"]
[WhiteElo "1772"]
[BlackElo "2184"]
[WhiteClock "00:02:42"]
[BlackClock "00:02:10"]
[PlyCount "102"]
[WhiteFideId "12971901"]
[BlackFideId "12956830"]
[EventCountry "GER"]
[EventRounds "9"]
[EventType "swiss"]
[EventDate "2018.05.19"]

1. e4 {[%clk 1:30:56]} 1... e6 {[%clk 1:30:59]} 2. d4 {[%clk 1:31:19]} 2... d5
{[%clk 1:31:23]} 3. Nd2 {[%clk 1:31:39]} 3... c5 {[%clk 1:31:45]} 4. exd5 {
[%clk 1:31:46]} 4... Qxd5 {[%clk 1:32:10]} 5. Ngf3 {[%clk 1:32:05]} 5... cxd4 {
[%clk 1:32:33]} 6. Bc4 {[%clk 1:32:24]} 6... Qd7 {[%clk 1:32:29]} 7. O-O {
[%clk 1:32:31]} 7... Nc6 {[%clk 1:32:01]} 8. Nb3 {[%clk 1:32:35]} 8... a6 {
[%clk 1:31:27]} 9. Nbxd4 {[%clk 1:29:48]} 9... Nxd4 {[%clk 1:31:53]} 10. Nxd4 {
[%clk 1:30:10]} 10... Qc7 {[%clk 1:31:56]} 11. Bd3 {[%clk 1:28:19]} 11... Bd6 {
[%clk 1:27:10]} 12. h3 {[%clk 1:19:56]} 12... Ne7 {[%clk 1:14:32]} 13. Re1 {
[%clk 1:09:21]} 13... Bd7 {[%clk 0:55:38]} 14. Bd2 Bh2+ 15. Kh1 {[%clk 0:58:49]
} 15... Be5 {[%clk 0:55:12]} 16. Bc3 {[%clk 0:31:37]} 16... Nc6 {[%clk 0:44:05]
} 17. Be4 {[%clk 0:31:37]} 17... O-O-O {[%clk 0:34:13]} 18. Nxc6 { [%clk
0:18:11]} 18... Bxc6 19. Bxe5 {[%clk 0:16:58]} 19... Rxd1 {[%clk 0:17:03] } 20.
Bxc7 {[%clk 0:16:58]} 20... Rxa1 {[%clk 0:16:36]} 21. Rxa1 { [%clk 0:17:13]}
21... Bxe4 {[%clk 0:16:37]} 22. Ba5 {[%clk 0:16:32]} 22... Kd7 {[%clk 0:13:47]}
23. Rd1+ {[%clk 0:15:31]} 23... Kc6 {[%clk 0:13:17]} 24. Bc3 { [%clk 0:09:36]}
24... f6 {[%clk 0:05:14]} 25. Bb4 {[%clk 0:09:36]} 25... Bd5 26. a3 {[%clk
0:04:41]} 26... Rd8 {[%clk 0:03:22]} 27. Rd3 {[%clk 0:03:13]} 27... Rd7 {[%clk
0:02:24]} 28. Kh2 {[%clk 0:01:55]} 28... b6 {[%clk 0:02:40]} 29. Kg3 {[%clk
0:00:56]} 29... h5 {[%clk 0:01:59]} 30. f3 {[%clk 0:00:56]} 30... g5 {[%clk
0:01:59]} 31. Kf2 {[%clk 0:00:37]} 31... a5 {[%clk 0:01:23]} 32. Bc3 {[%clk
0:00:43]} 32... e5 {[%clk 0:01:48]} 33. Bd2 {[%clk 0:00:36]} 33... Rg7 {[%clk
0:01:19]} 34. g4 {[%clk 0:00:32]} 34... hxg4 {[%clk 0:00:41]} 35. hxg4 {[%clk
0:01:01]} 35... Rh7 {[%clk 0:00:54]} 36. Rc3+ {[%clk 0:00:45]} 36... Kb7 {[%clk
0:00:43]} 37. Rd3 {[%clk 0:00:47]} 37... Kc6 {[%clk 0:00:54]} 38. Rc3+ {[%clk
0:01:15]} 38... Kd6 {[%clk 0:00:46]} 39. Rd3 {[%clk 0:00:45]} 39... Ke6 {[%clk
0:00:59]} 40. Kg2 40... Rh4 {[%clk 0:01:03]} 41. Kg1 { [%clk 0:20:30]} 41... e4
{[%clk 0:20:43]} 42. Re3 {[%clk 0:20:03]} 42... Ke5 { [%clk 0:16:26]} 43. Kg2
43... f5 {[%clk 0:13:34]} 44. Be1 {[%clk 0:08:17]} 44... Rh7 {[%clk 0:08:00]}
45. gxf5 {[%clk 0:07:52]} 45... Kf4 {[%clk 0:07:56]} 46. Bd2 {[%clk 0:07:31]}
46... exf3+ {[%clk 0:07:34]} 47. Kg1 {[%clk 0:06:04]} 47... Kxf5 {[%clk
0:07:22]} 48. Re8 {[%clk 0:04:47]} 48... Kg4 {[%clk 0:02:55]} 49. Rf8 {[%clk
0:03:51]} 49... Rh1+ {[%clk 0:01:23]} 50. Kxh1 {[%clk 0:02:42]} 50... f2+
{[%clk 0:01:52]} 51. Kh2 51... Bf3 {[%clk 0:02:10]} 0-1

[Event "DEM U16w 2018"]
[Site "Willingen GER"]
[Date "2018.05.21"]
[Round "3"]
[White "Bui, Ngoc Han Julia"]
[Black "Kobald, Jacqueline"]
[Result "1/2-1/2"]
[Termination "normal"]
[Board "2"]
[WhiteElo "1859"]
[BlackElo "1692"]
[WhiteClock "00:07:52"]
[BlackClock "00:12:03"]
[PlyCount "59"]
[WhiteFideId "12977055"]
[BlackFideId "12988162"]
[EventCountry "GER"]
[EventRounds "9"]
[EventType "swiss"]
[EventDate "2018.05.19"]

1. e4 {[%clk 1:30:58]} 1... c5 {[%clk 1:30:38]} 2. Nf3 {[%clk 1:31:21]} 2... e6
{[%clk 1:31:00]} 3. d4 {[%clk 1:31:46]} 3... cxd4 {[%clk 1:31:25]} 4. Nxd4 {
[%clk 1:32:11]} 4... Nc6 {[%clk 1:31:50]} 5. Nc3 {[%clk 1:32:34]} 5... Qc7 {
[%clk 1:31:50]} 6. Be2 {[%clk 1:32:41]} 6... a6 {[%clk 1:31:11]} 7. f4 { [%clk
1:32:32]} 7... Bb4 {[%clk 1:21:54]} 8. Nxc6 {[%clk 1:31:57]} 8... Qxc6 { [%clk
1:04:37]} 9. Qd4 {[%clk 1:31:04]} 9... Be7 {[%clk 0:55:34]} 10. Qxg7 { [%clk
1:21:23]} 10... Bh4+ {[%clk 0:54:21]} 11. Kd1 {[%clk 1:15:18]} 11... Bf6 {[%clk
0:50:11]} 12. Qg3 {[%clk 1:14:59]} 12... Ne7 {[%clk 0:34:43]} 13. e5 { [%clk
0:58:05]} 13... Nf5 {[%clk 0:34:55]} 14. Qf3 {[%clk 0:57:03]} 14... Be7 { [%clk
0:35:17]} 15. Qxc6 {[%clk 0:47:13]} 15... bxc6 {[%clk 0:32:53]} 16. Ne4 { [%clk
0:45:55]} 16... Bb7 {[%clk 0:31:36]} 17. Re1 {[%clk 0:34:42]} 17... O-O-O
{[%clk 0:28:42]} 18. c3 {[%clk 0:33:42]} 18... d5 {[%clk 0:22:59]} 19. exd6 {
[%clk 0:32:15]} 19... Nxd6 {[%clk 0:23:04]} 20. Nxd6+ {[%clk 0:31:57]} 20...
Rxd6+ {[%clk 0:23:09]} 21. Kc2 {[%clk 0:31:43]} 21... c5 {[%clk 0:22:54]} 22.
Be3 {[%clk 0:20:31]} 22... Be4+ {[%clk 0:22:24]} 23. Kc1 {[%clk 0:20:08]} 23...
Rb6 {[%clk 0:17:05]} 24. Bf3 {[%clk 0:16:25]} 24... Bxf3 {[%clk 0:14:39]} 25.
gxf3 {[%clk 0:16:48]} 25... Rg8 {[%clk 0:14:10]} 26. Rg1 {[%clk 0:16:35]} 26...
Rg6 {[%clk 0:13:05]} 27. Rxg6 {[%clk 0:13:57]} 27... hxg6 {[%clk 0:13:23]} 28.
Kc2 {[%clk 0:13:17]} 28... Kc7 {[%clk 0:12:04]} 29. b4 {[%clk 0:09:38]} 29...
Kc6 {[%clk 0:12:03]} 30. bxc5 {[%clk 0:07:52]} 1/2-1/2